000 00302nam a2200109Ia 4500
008 220624s9999 xx 000 0 und d
020 _a186839011
082 _aAF JOU
100 _aJoubert, Junita
_9107634
245 0 _aBROKKELGLAS TOT MOSAIK
942 _cBK
_w561
_xJohn Tresidder
_y
_zCRON CRON
999 _c687164
_d687163